00600nam a2200205Ia 450000500170000000800410001702000230005804000190008104100120010008200130011210000230012524500520014826000580020030000120025850400360027063000340030665000340034065100100037485000100038420231117115502.0131103s9999 xx 000 0 und d a8184350996cRs 895 aLoreto College aEnglish a327bDWI aDwivedi, Dhirendra aSAARC Problems and ProspectscDhirendra Dwivedi aNew DelhibAdhyayan Publishers and Distributorsc2008 ax,379p  aIncludes bibliography and index aIndia-International Relations aInternational Relations-India aSAARC aLCLIB